| 000 | 00472 a2200145 4500 | ||
|---|---|---|---|
| 020 | _a007114546X (paperback) | ||
| 020 | _a9780071145466 (paperback) | ||
| 090 |
_c5100 _d5100 |
||
| 100 | 1 | _aNelson. | |
| 245 | 1 | 0 |
_aTqm& iso9000 for architects / _cNelson. |
| 260 |
_a[S.l.] : _bMcGraw-Hill Education, _c1996. |
||
| 300 |
_a1 v. (unpaged) ; _c24 cm. |
||
| 856 | 4 | 0 |
_3Amazon.com _uhttp://www.amazon.com/exec/obidos/ASIN/007114546X/chopaconline-20 |
| 942 |
_aNBS _cBK _k720.685 NEL |
||
| 999 |
_c347522 _d347522 |
||